• 首页
  • 本馆介绍
  • 公告通知
  • 最新文献
  • 馆藏检索
  • 电子资源
  • 读者导购
  • 参考咨询
  • 我的图书馆
  • 登录
  • 详细信息显示
  • 放入我的书架
  • 预约/预借图书
  • 作者相关作品
  • 分类相关作品
  • 丛书相关作品
  • 出版社相关作品

书目信息

  • 表格格式
  • 工作单格式
  • 卡片格式
题名:
少数民族传统体育项目
    
 
作者: 王学满 主编
分册:  
出版信息: 中国   中国科学文化出版社  2004
页数: 221页
开本: 20cm
丛书名:
单 册:
中图分类: G844.7
科图分类:
主题词: 少数民蔟--传统体育
电子资源:
ISBN: 962-8467-39-5
000 00555nam0 2200181 450
001 0738517874
005 20070723164816.96
010    @a962-8467-39-5@dCNY14.50
100    @a20070717d2004 km y0chiy0120 ea
101 0  @achi
200 1  @a少数民族传统体育项目@Ashao shu min zu chuan tong ti yu xiang mu@f王学满主编@Fwang xue man zhu bian
210    @a中国@c中国科学文化出版社@d2004
215    @a221页@d20cm
606 0  @a少数民蔟@x传统体育
690    @aG844.7@v3
701  0 @a王学满@Awang xue man@4主编
801  0 @aCN@bPFT@c20070723
905    @a10447@dG844.7@e291
    
    少数民族传统体育项目/王学满主编.-中国:中国科学文化出版社,2004
    221页;20cm
    
    
    ISBN 962-8467-39-5:CNY14.50
    
●
相关链接 在E读中查询图书 在五车中查询图书 在当当中查询图书 在豆瓣中查询图书


正题名:少数民族传统体育项目     索取号:G844.7/291         预约/预借

序号 登录号 条形码 馆藏地/架位号 状态 备注
1 0770428   207704288   第一样本阅览室/ [索取号:G844.7/291] 在馆    
唐山师范学院图书馆 欢迎您!
大连网信软件有限公司© 版权所有